000 00299nam a22001337a 4500
008 171025b xxu||||| |||| 00| 0 eng d
020 _a9780757500350
041 _aeng
080 _a336.2
100 _a55
101 _aTAK
245 _aESTATE PLANNING AND TAXATION
_cBOST, J.C
942 _2udc
_cBK
999 _c35821
_d35821